Mezinárodní aspekty a souvislosti investování

Salvato in:
Dettagli Bibliografici
Autore principale: Báča, Jan
Natura: Libro
Lingua:ceco
Pubblicazione: Praha Linde 1991
Edizione:1. vyd.
Soggetti:
Tags: Aggiungi Tag
Nessun Tag, puoi essere il primo ad aggiungerne!!

MARC

LEADER 00000nam a2200000 4500
001 c000537
005 20221214094215.4
020 |a 80-7038-091-8 
041 0 |a cze 
044 |a CZ 
245 1 0 |a Mezinárodní aspekty a souvislosti investování  |c Jan Báča a kol. 
250 |a 1. vyd. 
264 1 |a Praha  |b Linde  |c 1991 
300 |a 61 s. 
610 2 0 |a investície zahraničné 
610 2 0 |a predpisy právne 
610 2 0 |a podnik spoločný 
610 2 0 |a podnik 
610 2 0 |a zákony 
610 2 0 |a ČSFR 
610 2 0 |a lízing 
610 2 0 |a podnikanie súkromné 
610 2 0 |a banky 
610 2 0 |a politika menová 
610 2 0 |a politika úverová 
610 2 0 |a dane podnikové 
610 2 0 |a odvody podnikové 
610 2 0 |a ochrana právna 
100 1 |a Báča, Jan